| 000 | 00803nam a2200253 i 4500 | ||
|---|---|---|---|
| 001 | bg | ||
| 100 | 1 |
_aBiałek, Edward _d(1956- ). |
|
| 245 | 1 | 0 |
_aNiemiecki jako język biznesu : _bvademecum z wzorami zdań i listów = Grundwortschatz in Beispielsätzen und Musterbriefen / _cEdward Białek, Józef Kos. |
| 250 | _aWyd. 2 popr. | ||
| 260 |
_aWrocław : _bDolnośląskie Wydawnictwo Edukacyjne, _c1998. |
||
| 300 |
_a438 s. ; _c24 cm. |
||
| 500 | _aTekst równol. pol. niem. | ||
| 650 | 9 | _aJęzyk niemiecki | |
| 650 | 9 | _aKorespondencja handlowa | |
| 655 | _aPodręczniki | ||
| 700 | 1 | _aKOS, Józef | |
| 020 | _a8371250282 | ||
| 040 | _cBPK | ||
| 041 | w | _apolger | |
| 080 | _a811.112.2:339.1(044.4) | ||
| 920 | _a83-7125-028-2 | ||
| 942 | _cKS | ||
| 008 | s pl f |000 0 pol | ||
| 999 |
_c53368 _d53368 |
||
| 856 |
_uhttp://koha.tu.koszalin.pl/cgi-bin/koha/opac-detail.pl?biblionumber=53368 _yKatalog online BPK |
||